LDR 01420nam a2200253 i 4500 001 000000078872 003 CaOOAMICUS 005 20170320000000.0 008 170320s1998 it u000 u ita u 013 $a51109 040 $aSeMil$bita 100 1 $aBajcar, Michal.$0(OLS)http://semarc/name/91092 245 10$aDelitti contro la religione e l'unità della chiesa con particolare riferimento alla Communicatio in Sacris (c. 1365), confronto tra il CIC 1983 e il CCEO 1990 /$cMichal Bajcar. 260 $aRoma :$bPontificia Università Lateranense,$c1998. 300 $a337 p. ;$c24 cm. 490 0 $aTheses ad doctoratum in iure canonico 500 $aIn testa al front : Pontificia Universitas Lateranensis, Institutum utriusque iuris, Facultas iuris canonici. 650 4$aCommunicatio in sacris.$0(OLS)http://semarc/subject/45157 830 0$aTheses ad doctoratum in iure canonico / Pontificia Universitas Lateranensis.$0(OLS)http://semarc/title/402770 850 $aSeMil 852 $aSeMil$W1$xVenegono$y1$m2H IV 9$j251524$B44671$CSeMilBibl$Z2$F46468 $81 961 $aLascito: Coronelli don Renato 996 $6245$aDelitti contro la religione e l'unità della chiesa con particolare riferimento alla Communicatio in Sacris (c. 1365), confronto tra il CIC 1983 e il CCEO 1990$9(OLS)http://semarc/title/403012 996 $6260$aRoma :$bPontificia Università Lateranense$9(OLS)http://semarc/publisher/30174